zpět

Detail výsledku týmu

Pivovar Podlesí, Příbram

Datum a čas kvízu

20 Celkem bodů Celkový počet nahraných bodů na tomto kvízu bez doplňovacích otázek.
8. Pořadí na kvízu Konečné umístění týmu na tomto kvízu.

Zaznamenané odpovědi

# Otázka Odpověď Body Výsledky
1. Na prvního Máje se konal jubil... za porušení nočního klidu 1
2. U pobřeží kterého severoitalsk... u Terstu 0
3. Která fiktivní česká loutková... Hurvínek 1
4. V arménském hlavním městě Jere... o osla 0
5. Minulý týden skončilo mistrovs... třetí 1
6. Ve filmu Sedm sledujeme detekt... závist (J. Doe), hněv (detektiv Mills) 0
7. Tato fotka je známým interneto... Americké psycho 0
8. Postava Karla Kopfrkingla je p... chrám smrti 0
9. Přiřaďte zločince k jejich fil... 1A 2D 3B 4C 0
10. Mladý syn se poprvé přímo zapo... Kmotr, Mario Puzo 0.5